LEADER 01108naa a2200253 u 4500 001 000000102319 003 CaOOAMICUS 005 20070226130211.0 008 060328s1995 it u000 u ita u 035 $a11083407 040 $aIAR$bita 041 0 $aita$bger 100 1 $aSeidl, Horst.$0(OLS)http://pul/name/21091 245 13$aLe condizioni dell'amicizia oggi /$cHorst Seidl. 260 $aMerano/Meran :$bIst.culturale italo-tedesco,$c[1995] 300 $aS. 405-445 ;$c25 cm 500 $adeutsche Zusammenfassung 500 $aIAR: FF-117.22 773 0 $aDer Begriff Freundschaft. 773 0 $aIl concetto di amicizia. 773 0 $aDeutsch-italienisches Kulturinstitut in Südtirol; Akten.$gXXII (1994) 773 0 $aAccademia di studi italo-tedeschi (Merano)$tIl concetto di amicizia nella storia della cultura europea = Atti del XXII convegno internazionale di italo-tedeschi. Merano, 9-11 maggio 1994$gXXII (1994)$w()25106 996 $6245$aLe condizioni dell'amicizia oggi$9(OLS)http://pul/title/129227 996 $6260$aMerano/Meran :$bIst.culturale italo-tedesco$9(OLS)http://pul/publisher/79184 LEADER 01006nam a2200277 a 4500 001 000000170081 003 CaOOAMICUS 005 20181022133139.0 008 181022s1997 it u000 u ita r 020 $a88-07-80967-2* 032 $aLibriCat 040 $aPUL$bita 245 00$aAlice : $bi giorni della droga /$cprefazione di Max Beluffi . 250 $aVentesima edizione. 260 $aMilano :$bFeltrinelli,$c1997. 300 $a199 p. ; $c18 cm. 490 1 $aUniversale economica ;$v967 700 1 $aBeluffi, Max.$0(OLS)http://pul/name/109439 830 0$aUniversale Economica ;$v967.$0(OLS)http://pul/title/12276 850 $aPUL 852 $aPUL$W1$xDP1 Fondo Seidl$y56$m4 D 60$j176970$qFondi$B198294$CPULBib$Z2$F198294 $81 941 1 $a1 996 $6020$a88-07-80967-2*$9(OLS)http://pul/number/165017 996 $6245$aAlice : $bi giorni della droga$9(OLS)http://pul/title/210784 996 $6260$aMilano :$bFeltrinelli$9(OLS)http://pul/publisher/48846